Tribal movements in India : (Record no. 380)
[ view plain ]
| 000 -LEADER | |
|---|---|
| fixed length control field | 00528cam a2200181 i 4500 |
| 001 - CONTROL NUMBER | |
| control field | 17515580 |
| 005 - DATE AND TIME OF LATEST TRANSACTION | |
| control field | 20240213053708.0 |
| 008 - FIXED-LENGTH DATA ELEMENTS--GENERAL INFORMATION | |
| fixed length control field | 120831s2012 ii b 001 0 eng |
| 020 ## - INTERNATIONAL STANDARD BOOK NUMBER | |
| ISBN | 9788173049729 |
| 040 ## - CATALOGING SOURCE (பட்டியலாக்க மூலம்) | |
| Original cataloging agency | DLC |
| Language of cataloging | eng |
| Transcribing agency | DLC |
| Description conventions | rda |
| Modifying agency | DLC |
| 082 ## - DDC Classification | |
| DDC Edition Number | 22 |
| Class No. | 306. |
| Item Number - Author Mark | TRI. |
| 100 1# - MAIN ENTRY--PERSONAL NAME | |
| Personal name | Singh, K. S., |
| 245 10 - TITLE STATEMENT | |
| Title | Tribal movements in India : |
| Remainder of title | visions of Dr. K.S. Singh / |
| Statement of responsibility, etc. | edited by Kamal K. Misra, G. Jayaprakasan. |
| 260 ## - PUBLICATION, DISTRIBUTION, ETC. | |
| Place of publication, distribution, etc. | New Delhi : |
| Name of publisher, distributor, etc. | Manohar publication, |
| Date of publication, distribution, etc. | 1982 |
| 300 ## - PHYSICAL DESCRIPTION | |
| Extent (e.g. Volumes, Pages etc.) | xvi, 414. |
| 650 #0 - SUBJECT ADDED ENTRY--TOPICAL TERM | |
| Topical term or geographic name entry element | Ethnicity |
| 942 ## - Koha item type (Biblio) | |
| Koha item type | Books in Stacks (Lending) |
| Lost status | Damaged status | Collection code | Home library | Current library | Date acquired | Full call number | Accession Number | Item type |
|---|---|---|---|---|---|---|---|---|
| Lending | WERC Library | WERC Library | 02/13/2024 | 306. TRI. | 982 | Books in Stacks (Lending) |
